| 000 | 01111nam0a22002771 4500 | ||
|---|---|---|---|
| 001 | rc\4899032 | ||
| 005 | 20250613033022.0 | ||
| 021 |
_aRU _b[60-54199] |
||
| 035 | _a(NLR Aleph) 008927530 | ||
| 090 |
_a8863626 _c8863626 |
||
| 100 | _a20130426d1960 |||y0rusy50 ca | ||
| 101 | 0 | _arus | |
| 102 | _aRU | ||
| 105 | _ay z ||||| | ||
| 200 | 1 |
_aЛенинские принципы управления социалистическим хозяйством _fО-во по распространению полит. и науч. знаний РСФСР. Ленингр. отд-ние |
|
| 210 |
_aЛенинград _cБ. и. _d1960 |
||
| 215 |
_a46 с. _d20 |
||
| 300 | _aПеред загл. авт.: канд. экон. наук Н.В. Цапкин | ||
| 606 |
_aНародное хозяйство СССР _xУправление _2psbo |
||
| 606 |
_aДемократический централизм _2psbo |
||
| 700 | 1 |
_aЦапкин _bН.В. _f1907- _gНиколай Варлаамович |
|
| 801 | 0 |
_aRU _bNLR _gpsbo |
|
| 801 | 1 |
_aRU _bELAR _2rusmarc |
|
| 852 |
_aNLR _j60-4/10068 |
||
| 942 | _cBOOK | ||
| 980 | _aNB | ||